বাংলাদেশের মুক্তিযুদ্ধের ইতিহাস : (Record no. 39210)
[ view plain ]
| 000 -LEADER | |
|---|---|
| fixed length control field | 01074nam a2200253 a 4500 |
| 001 - CONTROL NUMBER | |
| control field | 39210 |
| 003 - CONTROL NUMBER IDENTIFIER | |
| rucl marc code | BD-RjUL |
| 005 - DATE AND TIME OF LATEST TRANSACTION | |
| control field | 20211209052936.0 |
| 008 - FIXED-LENGTH DATA ELEMENTS--GENERAL INFORMATION | |
| fixed length control field | 160405s2012 bg a|||e |||| 00| 0 ben d |
| 020 ## - INTERNATIONAL STANDARD BOOK NUMBER | |
| International Standard Book Number | 9840750062 |
| Terms of availability | : TK. 140.00 |
| 035 ## - SYSTEM CONTROL NUMBER | |
| System control number | (BD-RjUL)39322 |
| 040 ## - CATALOGING SOURCE | |
| Original cataloging agency | BD-RjUL |
| Language of cataloging | ben |
| Transcribing agency | BD-RjUL |
| 041 ## - LANGUAGE CODE | |
| Language code of text/sound track or separate title | ben |
| 082 ## - DEWEY DECIMAL CLASSIFICATION NUMBER | |
| Edition number | 23 |
| Author mark and year | HOB 2012 |
| Classification number | 954.9205 |
| 100 ## - MAIN ENTRY--PERSONAL NAME | |
| Personal name | হোদা, মো. কামরুল |
| 9 (RLIN) | 120921 |
| 245 10 - TITLE STATEMENT | |
| Title | বাংলাদেশের মুক্তিযুদ্ধের ইতিহাস : |
| Remainder of title | উৎস অনুসন্ধান / |
| Statement of responsibility, etc. | মো. কামরুল হোদা |
| 260 ## - PUBLICATION, DISTRIBUTION, ETC. (IMPRINT) | |
| Place of publication, distribution, etc. | ঢাকা : |
| Name of publisher, distributor, etc. | বাংলা একাডেমী, |
| Date of publication, distribution, etc. | ২০১২ |
| 300 ## - PHYSICAL DESCRIPTION | |
| Pagination | ১২, ১৯২ পৃ. : |
| Illustrations | চিত্র ; |
| Size | ২১ সেমি. |
| 490 ## - SERIES STATEMENT | |
| Series statement | বাএ : |
| Volume/sequential designation | ৪৯৮৮ |
| 504 ## - BIBLIOGRAPHY, ETC. NOTE | |
| Bibliography, etc | গ্রন্থপঞ্জি সম্বলিত |
| 650 ## - SUBJECT ADDED ENTRY--TOPICAL TERM | |
| Topical term or geographic name as entry element | বাংলাদেশ |
| General subdivision | ইতিহাস |
| Chronological subdivision | বিপ্লব,১৯৭১ |
| 9 (RLIN) | 120922 |
| Topical term or geographic name as entry element | Bangladesh |
| General subdivision | History |
| Chronological subdivision | Revolution,1971 |
| 9 (RLIN) | 118262 |
| 942 ## - ADDED ENTRY ELEMENTS (KOHA) | |
| Source of classification or shelving scheme | Dewey Decimal Classification |
| Koha item type | Books |
| Lost status | Source of classification or shelving scheme | Damaged status | Not for loan | Collection code | Permanent Location | Current Location | Shelving location | Date acquired | Source of acquisition | Cost, normal purchase price | Total Checkouts | Full call number | Date last seen | Copy number | Koha item type | Date checked out | Total Renewals |
|---|---|---|---|---|---|---|---|---|---|---|---|---|---|---|---|---|---|
| Dewey Decimal Classification | Not For Loan | Non-fiction | Central Library, University of Rajshahi | Central Library, University of Rajshahi | Reading Room | 23/06/2013 | Bangla Academy, Dhaka | 140.00 | B 954.9205 HOB 2012 | 05/04/2016 | C-1 | Books | |||||
| Dewey Decimal Classification | Non-fiction | Central Library, University of Rajshahi | Central Library, University of Rajshahi | 23/06/2013 | Bangla Academy, Dhaka | 140.00 | 7 | B 954.9205 HOB 2012 | 11/09/2024 | C-2 | Books | 05/06/2024 | |||||
| Dewey Decimal Classification | Non-fiction | Central Library, University of Rajshahi | Central Library, University of Rajshahi | 23/06/2013 | Bangla Academy, Dhaka | 140.00 | 6 | B 954.9205 HOB 2012 | 22/08/2022 | C-3 | Books | 19/08/2022 |